000 01173cam a2200349 i 4500
001 3997326
003 EG-ScBUE
005 20260419115946.0
008 960320t1997 nyua f b 001 0 eng d
020 _a0471188956
020 _a9780471188957
040 _aDLC
_beng
_erda
_cDLC
_dDLC
_dEG-ScBUE
082 0 4 _222
_a574.19214
_bCOW
100 1 _aCowan, J. A.
_q(James A.)
_eauthor.
245 1 0 _aInorganic biochemistry :
_ban introduction /
_cJ. A. Cowan.
250 _aSecond edition.
264 1 _aNew York :
_bWiley-VCH,
_c[1997]
264 4 _cc1997
300 _axiv, 440 pages :
_billustrations ;
_c25 cm
336 _2rdacontent
_atext
_btxt
337 _aunmediated
_2rdamedia
_bn
338 _avolume
_bnc
_2rdacarrier
504 _aIncludes bibliographical references and index.
650 7 _aBioinorganic chemistry.
_2BUEsh
650 7 _aBioinorganic chemistry.
_2BUEsh
651 _2BUEsh
653 _bENGCHE
_cMarch2018
655 _vReading book
856 4 2 _3Publisher description
_uhttp://www.loc.gov/catdir/description/wiley033/96014100.html
856 4 1 _3Table of contents
_uhttp://www.loc.gov/catdir/toc/wiley022/96014100.html
942 _2ddc
_cBB
999 _c26359
_d26331